Introducción a la teoría de las probabilidades /

Guardado en:
Autor Principal: Pugachev, V. S.
Formato: Libro
Idioma:Spanish
Russian
Publicado: Moscú : Mir, c1973.
Etiquetas: Agregar Etiqueta
Sin Etiquetas, Sea el primero en etiquetar este registro!
LEADER 00503nam a22001455a 4500
001 MAT.inmabb006680
008 120824s1973####ru#a##########000#0#spa#d
005 20120824114626.0
245 1 0 |a Introducción a la teoría de las probabilidades /  |c V. S. Pugachev ; [traducido del ruso por A. Samojválov]. 
260 |a Moscú :  |b Mir,  |c c1973. 
300 |a 323 p. :  |b il. ;  |c 23 cm. 
100 1 |a Pugachev, V. S.  |q (Vladimir Semenovich) 
084 |a 60-01  |2 msc2000 
041 1 |a spa  |h rus 
859 |h 60  |i P978  |p A-5270  |b BIB. MATEMATICA